| 000 | 01264cam a22003377a 4500 | ||
|---|---|---|---|
| 001 | 000004254 | ||
| 005 | 20200929151422.0 | ||
| 008 | 050509s2004 bl a b f000 0 por d | ||
| 010 | _a2005343516 | ||
| 020 | _a8533302789 | ||
| 035 | _a(OCoLC)ocm56346982 | ||
| 040 |
_aDO-SdBNP _bspa _cBNPHU _cUBY _dOCLCQ _dDLC |
||
| 041 | 0 |
_apor _aeng |
|
| 042 |
_alccopycat _alcode |
||
| 050 | 0 | 0 |
_aN6659.M86 _bM86 2004 |
| 100 | 1 |
_aMuniz, Vik. _912573 |
|
| 245 | 1 | 0 |
_aVik Muniz : _bobra incompleta = Incomplete works / _ctextos, James Elkins, Moacir dos Anjos, Shelley Rice. |
| 246 | 3 | 0 | _aObra incompleta |
| 246 | 3 | 1 | _aIncomplete works |
| 260 |
_aRio de Janeiro, RJ, Brasil : _bMinisterio da Cultura, Fundacao Biblioteca Nacional ; _a[Sao Paulo, Brazil] : _bSafra Instituto Cultural, _c[2004?]. |
||
| 300 |
_a299 p. : _bill. (chiefly col.) ; _c29 cm. |
||
| 546 | _aPortuguese and English. | ||
| 500 | _aLista cronológica de las obras del autor: p. 296-297. | ||
| 504 | _aIncluye referencias bibliográficas (p. 297-299). | ||
| 600 | 1 | 0 |
_aMuniz, Vik _xCriticism and interpretation. _912574 |
| 700 | 1 |
_aElkins, James, _d1955- _912575 |
|
| 700 | 1 |
_aAnjos, Moacir dos. _912576 |
|
| 700 | 1 |
_aRice, Shelley. _912577 |
|
| 910 | _aCatalogación por copia / LC | ||
| 049 | _aBNGR | ||
| 999 |
_c4068 _d4068 |
||